European Championship Darts Winners - Statistics

General Stats
  • This quiz has been taken 7 times
  • The average score is 15 of 18
Answer Stats
Year Country Winner % Correct
2017 Netherlands Michael van Gerwen
100%
2016 Netherlands Michael van Gerwen
100%
2015 Netherlands Michael van Gerwen
100%
2014 Netherlands Michael van Gerwen
100%
2011 England Phil Taylor
100%
2010 England Phil Taylor
100%
2009 England Phil Taylor
100%
2008 England Phil Taylor
100%
2023 Scotland Peter Wright
86%
2020 Scotland Peter Wright
86%
2013 England Adrian Lewis
71%
2018 England James Wade
71%
2022 England Ross Smith
71%
2012 Australia Simon Whitlock
71%
2025 Netherlands Gian van Veen
57%
2021 England Rob Cross
57%
2019 England Rob Cross
57%
2024 England Ritchie Edhouse
43%
No matching quizzes found
Score Distribution
Percent of People with Each Score
Percentile by Number Answered
Your Score History
You have not taken this quiz